| 000 | 00778nam a2200265 a 4500 | ||
|---|---|---|---|
| 005 | 20210223123801.0 | ||
| 008 | 991125n 000 0 spa u | ||
| 035 | _aUPN01000064211 | ||
| 100 | 1 | _aGarcía Mila, Merce | |
| 222 | _aINFANCIA Y APRENDIZAJE = | ||
| 222 | _bJOURNAL FOR THE STUDY OF EDUCATION AND DEVELOPMENT | ||
| 245 | _aAnotar para resolver una terea de localización y memoria | ||
| 260 | _aBarcelona, España | ||
| 300 | _a51-70 | ||
| 362 | 0 | _a2000 No. 90 | |
| 653 | 0 | _aEDUCACION INICIAL | |
| 653 | 0 | _aEDUCACION PRIMARIA | |
| 653 | 0 | _aMEMORIA | |
| 653 | 0 | _aNOTACION NUMERICA | |
| 653 | 0 | _aRESOLUCION DE PROBLEMAS | |
| 700 | 1 |
_aTeberosky, Ana, _ecoaut. |
|
| 700 | 1 |
_aMartí, Eduardo, _ecoaut. _929142 |
|
| 904 |
_aAC _b002022 |
||
| 905 | _aArticulo | ||
| 999 |
_c62483 _d62483 |
||